000 00328nam a2200133Ia 4500
008 191201s2018 xx 000 0 und d
082 _a610.03 GUP
100 _aGupta,Sanjay
245 0 _aPocket Medical Dictionary
260 _bAITBS Publishers
_aNew Delhi
_c2018
300 _a462
650 _aMiscellaneous
942 _2ddc
_cBK
999 _c8392
_d8392